000 00641nam a2200241 i 4500
001 C2-0269040
003 PPAK
005 20180727235814.0
008 060808s2005 my |||| ||||| | may d
020 _a9838936715
040 _aPPAK
_beng
_cPPAK
_erda
082 0 4 _a899.233
_223
090 0 0 _a899.233
_bNAZ
_dG
100 0 _aNazawati Abd. Manaf,
_eauthor
245 1 0 _aKembalikanlah kasihku
264 1 _aKuala Lumpur :
_bCreative Enterprise ,
_c2005
300 _a507 pages ;
_c19 cm
336 _2rdacontent
_atext
337 _2rdamedia
_aunmediated
338 _2rdacarrier
_avolume
650 1 0 _aMalay fiction.
942 _ddc
_cB
999 _c77769
_d77769